[Event "BCF-ch U16"]
[Site "Coventry"]
[Date "2015.08.07"]
[Round "7"]
[White "Twigge Molecey, Billy"]
[Black "Ashworth, Michael"]
[Result "1-0"]
[WhiteElo "1901"]
[BlackElo "1912"]
[PlyCount "143"]
[EventDate "2015.08.02"]
[EventType "swiss"]
[EventRounds "7"]
[EventCountry "ENG"]
[SourceTitle "CBM 167 Extra"]
[Source "ChessBase"]
[SourceDate "2015.09.14"]
[SourceVersion "1"]
[SourceVersionDate "2015.09.14"]
[SourceQuality "1"]

1. e4 e6 2. d4 d5 3. Nc3 Nf6 4. Bg5 dxe4 5. Nxe4 Nbd7 6. Nf3 Be7 7. Nxf6+ Bxf6 8. Bxf6 Nxf6 9. Bd3 0-0 10. Qe2 c5 11. 0-0-0 Qa5 12. Kb1 Bd7 13. Ne5 cxd4 14. Nxd7 Nxd7 15. Bb5 Nf6 16. Rxd4 Rfd8 17. Rhd1 Rxd4 18. Rxd4 Rd8 19. Rxd8+ Qxd8 20. a3 Qd5 21. f3 Qd4 22. Ka2 Nd5 23. g3 h6 24. Qc4 Qxc4+ 25. Bxc4 Ne3 26. Bd3 Kf8 27. c4 Ke7 28. c5 Kd7 29. b4 b6 30. cxb6 axb6 31. Kb3 Kc6 32. a4 Kd5 33. a5 bxa5 34. bxa5 Kc5 35. a6 Kb6 36. Kc3 Nd5+ 37. Kd4 Nb4 38. Bc4 Nc6+ 39. Ke4 Kc5 40. Bd3 Kd6 41. f4 Kc5 42. g4 Kd6 43. h4 f6 44. Bc2 Na7 45. Ba4 Kc5 46. Bc2 Kd6 47. Bb3 Nc6 48. Ba4 Na7 49. Kd4 Nc8 50. Kc4 Na7 51. Kb4 g5 52. fxg5 fxg5 53. h5 Kd5 54. Kc3 Ke5 55. Bb3 Nc6 56. Kd2 Kd6 57. Ke3 Ke5 58. Ba4 Na7 59. Kd3 Kd6 60. Kc4 Kc7 61. Kc5 Nc8 62. Bc6 Na7 63. Bb7 e5 64. Kd5 Kd7 65. Kxe5 Ke7 66. Kd5 Kd7 67. Ke5 Ke7 68. Kf5 Kf7 69. Bd5+ Kg7 70. Ke6 Nb5 71. Bc4 Na7 72. Kd7 1-0

[Event "World School-ch U15 10th"]
[Site "Juiz de Fora"]
[Date "2014.12.02"]
[Round "7"]
[White "Twigge Molecey, Billy"]
[Black "Kimelman, Gabriel"]
[Result "0-1"]
[WhiteElo "1877"]
[BlackElo "2004"]
[PlyCount "54"]
[EventDate "2014.11.26"]
[EventType "swiss"]
[EventRounds "9"]
[EventCountry "BRA"]
[SourceTitle "EXT 2016"]
[Source "ChessBase"]
[SourceDate "2015.10.08"]
[SourceVersion "1"]
[SourceVersionDate "2015.10.08"]
[SourceQuality "1"]

1. e4 e6 2. d4 d5 3. Nc3 Bb4 4. exd5 exd5 5. Bd3 Nc6 6. a3 Ba5 7. Nge2 Nge7 8. Be3 Bf5 9. Ng3 Bxd3 10. Qxd3 0-0 11. 0-0 Bxc3 12. Qxc3 f5 13. Bg5 Qd7 14. Bxe7 Nxe7 15. f4 Nc8 16. Rfe1 Nd6 17. Re5 c6 18. Rae1 Rae8 19. Qb3 g6 20. Kf1 Nc4 21. R5e2 Qc7 22. Qf3 Rxe2 23. Rxe2 Nxb2 24. Qe3 Nc4 25. Qe6+ Rf7 26. Qe8+ Kg7 27. Nxf5+ gxf5 0-1

[Event "BCF-chT3S 1415 (4NCL)"]
[Site "England"]
[Date "2014.11.16"]
[Round "2.177"]
[White "Nandi, Robin J"]
[Black "Twigge Molecey, Billy"]
[Result "1-0"]
[WhiteElo "1952"]
[BlackElo "1877"]
[PlyCount "81"]
[EventDate "2014.11.15"]
[EventType "team-swiss"]
[EventRounds "6"]
[EventCountry "ENG"]
[SourceTitle "CBM 163 Extra"]
[Source "ChessBase"]
[SourceDate "2014.12.23"]
[SourceVersion "1"]
[SourceVersionDate "2014.12.23"]
[SourceQuality "1"]
[WhiteTeam "Oxford II"]
[BlackTeam "Sussex Martlets II"]
[WhiteTeamCountry "ENG"]
[BlackTeamCountry "ENG"]

1. e4 e5 2. Nf3 Nc6 3. Bb5 g6 4. d3 Bg7 5. 0-0 a6 6. Ba4 d6 7. Nc3 h6 8. Re1 Bd7 9. Nd5 Nf6 10. c3 Ne7 11. d4 c6 12. dxe5 dxe5 13. Nxf6+ Bxf6 14. Bb3 Bg4 15. Qe2 Bg7 16. Be3 0-0 17. a4 a5 18. h3 Bxf3 19. Qxf3 Qc7 20. Rad1 c5 21. Bc4 Nc8 22. Rd5 b6 23. Red1 Ra7 24. Qg4 h5 25. Qd7 Ne7 26. Qxc7 Rxc7 27. Rd7 Rxd7 28. Rxd7 Bf6 29. Rd6 Kg7 30. Rxb6 Rd8 31. Rb7 Ra8 32. Rc7 Rc8 33. Rxc8 Nxc8 34. Bxc5 Bd8 35. b4 Nb6 36. Bb3 f5 37. bxa5 Nd7 38. a6 Bb6 39. Bxb6 Nxb6 40. a7 fxe4 41. Bd5 1-0

[Event "BCF-ch Week2 AM op"]
[Site "Aberystwyth"]
[Date "2014.07.29"]
[Round "2"]
[White "Jaunooby, Ali Reza"]
[Black "Twigge Molecey, Billy"]
[Result "0-1"]
[WhiteElo "2186"]
[BlackElo "1877"]
[PlyCount "60"]
[EventDate "2014.07.28"]
[EventType "swiss"]
[EventRounds "5"]
[EventCountry "WLS"]
[SourceTitle "EXT 2017"]
[Source "ChessBase"]
[SourceDate "2016.10.25"]
[SourceVersion "1"]
[SourceVersionDate "2016.10.25"]
[SourceQuality "1"]

1. d4 d5 2. Bf4 e6 3. e3 Nf6 4. Nd2 c5 5. c3 Nc6 6. Bg3 Bd6 7. Bd3 0-0 8. f4 c4 9. Bc2 b5 10. Bh4 Be7 11. Qf3 g6 12. g4 Ne4 13. Nxe4 Bxh4+ 14. Ng3 f5 15. g5 b4 16. Kd2 Bxg3 17. hxg3 Rb8 18. Rh6 Qa5 19. Qh1 Rf7 20. g4 b3 21. Bd1 bxa2 22. Kc1 Rxb2 23. Kxb2 Rb7+ 24. Kc2 Qa3 25. Kd2 Qb2+ 26. Bc2 Qxa1 27. gxf5 Qb2 28. Ne2 a1Q 29. Rxg6+ hxg6 30. Qh6 Qxc2+ 0-1

[Event "BCF-ch U16"]
[Site "Aberystwyth"]
[Date "2014.07.24"]
[Round "5"]
[White "Calderon, Paul"]
[Black "Twigge Molecey, Billy"]
[Result "1/2-1/2"]
[WhiteElo "1753"]
[BlackElo "1877"]
[PlyCount "113"]
[EventDate "2014.07.21"]
[EventType "swiss"]
[EventRounds "7"]
[EventCountry "WLS"]
[SourceTitle "CBM 161 Extra"]
[Source "ChessBase"]
[SourceDate "2014.08.29"]
[SourceVersion "1"]
[SourceVersionDate "2014.08.29"]
[SourceQuality "1"]

1. c4 e6 2. Nc3 d5 3. cxd5 exd5 4. d4 Nf6 5. Nf3 c6 6. Bf4 Bf5 7. e3 Qb6 8. Qc1 h6 9. h3 Nbd7 10. Be2 Be7 11. 0-0 0-0 12. Rd1 Rae8 13. Ne1 Qd8 14. Bd3 Bxd3 15. Nxd3 Nb6 16. Nc5 Qc8 17. Qc2 Rd8 18. a4 Bd6 19. Bxd6 Rxd6 20. a5 Nbd7 21. b4 b6 22. Nd3 b5 23. Rac1 Qb7 24. Ne2 Re8 25. Ng3 g6 26. Nf4 Kg7 27. h4 h5 28. Rd3 Nb8 29. Rc3 Ne4 30. Nfxh5+ gxh5 31. Nf5+ Kf6 32. Nxd6 Nxd6 33. Qh7 Ke7 34. Qxh5 Kd8 35. g4 Qd7 36. Kf1 Ne4 37. R3c2 Qe7 38. Re2 Qf6 39. Ke1 Rh8 40. Qe5 Qxe5 41. dxe5 Rxh4 42. Kd1 Rxg4 43. f3 Rg1+ 44. Kc2 Rxc1+ 45. Kxc1 Ng5 46. f4 Ne6 47. Rg2 Ke8 48. Kd2 Ke7 49. f5 Nf8 50. Kd3 Nfd7 51. Kd4 Na6 52. Rg7 Nxb4 53. e6 c5+ 54. Kc3 Ne5 55. exf7 Nxf7 56. Rg6 Na6 57. f6+ 1/2-1/2

[Event "High Wycombe e2e4 Challengers op 05"]
[Site "High Wycombe"]
[Date "2014.05.11"]
[Round "4"]
[White "Twigge Molecey, Billy"]
[Black "Melsom, Jonathan T"]
[Result "1-0"]
[WhiteElo "1821"]
[BlackElo "1699"]
[PlyCount "67"]
[EventDate "2014.05.09"]
[EventType "swiss"]
[EventRounds "5"]
[EventCountry "ENG"]
[SourceTitle "EXT 2015"]
[Source "ChessBase"]
[SourceDate "2014.11.20"]
[SourceVersion "1"]
[SourceVersionDate "2014.11.20"]
[SourceQuality "1"]

1. e4 e6 2. d4 d5 3. Nc3 Nf6 4. Bg5 Be7 5. e5 Nfd7 6. h4 c5 7. Bxe7 Qxe7 8. Nb5 0-0 9. Nc7 cxd4 10. Nxa8 Nxe5 11. Qxd4 Nbc6 12. Qd2 b6 13. Be2 Qb7 14. Nf3 Nxf3+ 15. Bxf3 Qxa8 16. 0-0 Bb7 17. Rfe1 Qd8 18. Qg5 f6 19. Qd2 Ne5 20. Be2 Qd6 21. Rad1 Ng6 22. h5 Nf4 23. Bf3 Rd8 24. c4 Bc6 25. a3 e5 26. cxd5 Bxd5 27. Bxd5+ Nxd5 28. Re3 Kf7 29. Rd3 Ke6 30. b4 Rd7 31. Qc2 Rc7 32. Qb3 Rd7 33. Qc4 Rc7 34. Rxd5 1-0

[Event "BCF-chT3 1314 (4NCL)"]
[Site "England"]
[Date "2014.05.03"]
[Round "9.59"]
[White "Twigge Molecey, Billy"]
[Black "Pink, Joshua"]
[Result "1/2-1/2"]
[WhiteElo "1821"]
[BlackElo "1820"]
[PlyCount "113"]
[EventDate "2013.11.16"]
[EventType "team-swiss"]
[EventRounds "11"]
[EventCountry "ENG"]
[SourceTitle "EXT 2015"]
[Source "ChessBase"]
[SourceDate "2014.11.20"]
[SourceVersion "1"]
[SourceVersionDate "2014.11.20"]
[SourceQuality "1"]
[WhiteTeam "Sussex Smart Survivors II"]
[BlackTeam "Throw in the Tal"]
[WhiteTeamCountry "ENG"]
[BlackTeamCountry "ENG"]

1. e4 e5 2. Nf3 Nf6 3. Nxe5 Nxe4 4. Qe2 Qe7 5. Qxe4 d6 6. d4 dxe5 7. dxe5 Nc6 8. Bb5 Bd7 9. 0-0 0-0-0 10. Re1 Nxe5 11. Bxd7+ Rxd7 12. Nc3 Nc6 13. Bf4 Qxe4 14. Nxe4 Be7 15. Rad1 Rhd8 16. Rxd7 Rxd7 17. g4 Nd4 18. Kf1 Nf3 19. Re3 Nd4 20. c3 Ne6 21. Bg3 Rd1+ 22. Re1 Rd5 23. Re2 Kd7 24. Rd2 Rxd2 25. Nxd2 Nc5 26. b3 Bf6 27. c4 Bc3 28. Ke2 c6 29. f3 Ke6 30. Ke3 f5 31. Bf4 h6 32. gxf5+ Kxf5 33. Bd6 Ne6 34. Ne4 Bd4+ 35. Kd3 Bg1 36. Bg3 Nf4+ 37. Kd2 b6 38. Nf2 Nh5 39. Ne4 Nxg3 40. hxg3 h5 41. Ke2 g5 42. Ke1 g4 43. Ke2 Bd4 44. Kd3 Be5 45. Ke2 c5 46. Ke3 Bd4+ 47. Ke2 Ke5 48. Ng5 Bg1 49. Ne4 a5 50. Nc3 gxf3+ 51. Kxf3 Bd4 52. Na4 Bg1 53. Nxb6 Kd4 54. Nc8 Kc3 55. Ne7 a4 56. Nd5+ Kd4 57. Nb6 1/2-1/2

[Event "BCF-chT3S 1314 (4NCL)"]
[Site "England"]
[Date "2013.11.17"]
[Round "2.21"]
[White "Twigge Molecey, Billy"]
[Black "Price, Andrew"]
[Result "1/2-1/2"]
[WhiteElo "1770"]
[BlackElo "1866"]
[PlyCount "55"]
[EventDate "2013.11.16"]
[EventType "team-swiss"]
[EventRounds "6"]
[EventCountry "ENG"]
[SourceTitle "CBM 157 Extra"]
[Source "ChessBase"]
[SourceDate "2013.12.19"]
[SourceVersion "1"]
[SourceVersionDate "2013.12.19"]
[SourceQuality "1"]
[WhiteTeam "Sussex Smart Survivors II"]
[BlackTeam "Banbury Bulldogs"]
[WhiteTeamCountry "ENG"]
[BlackTeamCountry "ENG"]

1. e4 e6 2. d4 d5 3. e5 c5 4. c3 Nc6 5. Nf3 Qb6 6. Be2 cxd4 7. cxd4 Nh6 8. Nc3 Nf5 9. Na4 Qd8 10. 0-0 Be7 11. Bf4 Bd7 12. Rc1 g5 13. Be3 g4 14. Ne1 h5 15. Nc5 Bxc5 16. Rxc5 Qe7 17. Rb5 b6 18. Qd2 Rg8 19. Rb3 f6 20. exf6 Qxf6 21. Nc2 Ke7 22. Bb5 Nd6 23. Bd3 Nf5 24. Bxf5 Qxf5 25. Qd3 Rac8 26. Qxf5 exf5 27. Nb4 Nxb4 28. Rxb4 1/2-1/2

[Event "Gatwick e2e4 op U1950"]
[Site "Crawley"]
[Date "2013.11.03"]
[Round "5"]
[White "Dean, Michael J"]
[Black "Twigge Molecey, Billy"]
[Result "0-1"]
[WhiteElo "1592"]
[BlackElo "1770"]
[PlyCount "84"]
[EventDate "2013.11.01"]
[EventType "swiss"]
[EventRounds "5"]
[EventCountry "ENG"]
[SourceTitle "EXT 2015"]
[Source "ChessBase"]
[SourceDate "2014.11.20"]
[SourceVersion "1"]
[SourceVersionDate "2014.11.20"]
[SourceQuality "1"]

1. e4 d5 2. exd5 Nf6 3. Nc3 Nxd5 4. Nge2 Nc6 5. Nxd5 Qxd5 6. Nc3 Qd6 7. b3 Bf5 8. Bb2 0-0-0 9. d3 e5 10. g4 Be6 11. Bg2 h5 12. gxh5 g6 13. hxg6 f5 14. a4 Rg8 15. Ba3 Nb4 16. Kf1 a5 17. Na2 Rxg6 18. c3 Qxd3+ 19. Qxd3 Nxd3 20. Bxf8 Rxf8 21. c4 Nc5 22. Rb1 Nxb3 23. Bxb7+ Kxb7 24. Rxb3+ Kc6 25. Rc3 Rg4 26. f3 Rxc4 27. Kf2 Rd8 28. Ke3 f4+ 29. Ke2 Rxc3 30. Nxc3 Bc4+ 31. Ke1 Rd3 32. Nb1 Rxf3 33. Nd2 Re3+ 34. Kd1 Bd5 35. Rg1 Rh3 36. Rg5 Kd6 37. Rg6+ Kc5 38. Rg5 Kd4 39. Nf1 Bc4 40. Nd2 Bd5 41. Nf1 Ra3 42. h4 Ra1+ 0-1

[Event "Gatwick e2e4 op U1950"]
[Site "Crawley"]
[Date "2013.11.03"]
[Round "4"]
[White "Twigge Molecey, Billy"]
[Black "Gallagher, Daniel GH"]
[Result "1/2-1/2"]
[WhiteElo "1770"]
[BlackElo "1912"]
[PlyCount "82"]
[EventDate "2013.11.01"]
[EventType "swiss"]
[EventRounds "5"]
[EventCountry "ENG"]
[SourceTitle "EXT 2015"]
[Source "ChessBase"]
[SourceDate "2014.11.20"]
[SourceVersion "1"]
[SourceVersionDate "2014.11.20"]
[SourceQuality "1"]

1. e4 e5 2. Nf3 Nc6 3. d4 exd4 4. Bc4 Nf6 5. 0-0 Nxe4 6. Re1 d5 7. Bxd5 Qxd5 8. Nc3 Qh5 9. Nxe4 Be6 10. Bg5 Bd6 11. Nxd6+ cxd6 12. Bf4 Qd5 13. c3 Rc8 14. Nxd4 Nxd4 15. cxd4 0-0 16. b3 Rc6 17. Rc1 Rfc8 18. h3 Rxc1 19. Bxc1 Qa5 20. Re2 Qh5 21. Bf4 Qg6 22. Kh2 Bd5 23. f3 Qf6 24. Bg3 h5 25. h4 a5 26. Bf2 a4 27. Rc2 Rxc2 28. Qxc2 axb3 29. axb3 Qe6 30. b4 Bc4 31. Qe4 d5 32. Qxe6 fxe6 33. g3 Kf7 34. Be3 Ke7 35. Bf4 Kd7 36. Kg2 Kc6 37. Kf2 Kb5 38. Bd2 Bb3 39. Ke3 Kc4 40. Be1 Bd1 41. Bd2 Bb3 1/2-1/2

[Event "Gatwick e2e4 op U1950"]
[Site "Crawley"]
[Date "2013.11.01"]
[Round "1"]
[White "Twigge Molecey, Billy"]
[Black "Homolka, Vincent"]
[Result "1/2-1/2"]
[WhiteElo "1770"]
[BlackElo "1806"]
[PlyCount "60"]
[EventDate "2013.11.01"]
[EventType "swiss"]
[EventRounds "5"]
[EventCountry "ENG"]
[SourceTitle "EXT 2015"]
[Source "ChessBase"]
[SourceDate "2014.11.20"]
[SourceVersion "1"]
[SourceVersionDate "2014.11.20"]
[SourceQuality "1"]

1. e4 d5 2. exd5 Qxd5 3. Nc3 Qa5 4. d4 Nf6 5. Bc4 c6 6. Bd2 Bf5 7. Nd5 Qd8 8. Nxf6+ gxf6 9. c3 e6 10. h4 Rg8 11. Ne2 Bd6 12. Bf4 Bxf4 13. Nxf4 Qd6 14. Qd2 Nd7 15. g3 0-0-0 16. 0-0-0 Nb6 17. Bd3 Bxd3 18. Qxd3 f5 19. Rd2 Nd5 20. Nxd5 Qxd5 21. Re1 Qxa2 22. Re5 Qb3 23. c4 Qxd3 24. Rxd3 Rg4 25. f4 Rgg8 26. Kc2 Rd7 27. Re2 Rgd8 28. Red2 b6 29. Kc3 Kc7 30. b4 a6 1/2-1/2

[Event "Sunningdale e2e4 op U2000 07"]
[Site "Sunningdale"]
[Date "2013.07.07"]
[Round "5"]
[White "Twigge Molecey, Billy"]
[Black "Anilkumar, Anantha P"]
[Result "1/2-1/2"]
[WhiteElo "1783"]
[BlackElo "1651"]
[PlyCount "93"]
[EventDate "2013.07.05"]
[EventType "swiss"]
[EventRounds "7"]
[EventCountry "ENG"]
[SourceTitle "EXT 2014"]
[Source "ChessBase"]
[SourceDate "2013.11.20"]
[SourceVersion "1"]
[SourceVersionDate "2013.11.20"]
[SourceQuality "1"]

1. e4 c5 2. c3 d5 3. exd5 Qxd5 4. d4 Nf6 5. Nf3 Bg4 6. Be2 e6 7. Be3 cxd4 8. cxd4 Nc6 9. Nc3 Qd8 10. Qb3 Rb8 11. 0-0 Bd6 12. h3 Bh5 13. Rfd1 0-0 14. d5 Na5 15. Qb5 a6 16. Qb6 Bc7 17. Qd4 exd5 18. Nxd5 Nxd5 19. Qxd5 Qxd5 20. Rxd5 Bxf3 21. Bxf3 b5 22. b3 Bb6 23. Bxb6 Rxb6 24. Rc1 Nb7 25. Rd7 Nd6 26. Rc6 Nc8 27. Rxb6 Nxb6 28. Rd6 Rb8 29. Bb7 Na8 30. Bxa6 Nc7 31. Rc6 Nxa6 32. Rxa6 Kf8 33. Ra7 Rd8 34. g3 Rd1+ 35. Kg2 g6 36. Kf3 Re1 37. Ra5 Ra1 38. Ke3 Ke7 39. Kd4 Kd6 40. Ra6+ Ke7 41. Ra5 Kd6 42. Ra6+ Ke7 43. Kc5 Rf1 44. Kxb5 Rxf2 45. a4 Rf3 46. Kc4 Rxg3 47. a5 1/2-1/2

[Event "Sunningdale e2e4 op U2000 07"]
[Site "Sunningdale"]
[Date "2013.07.05"]
[Round "1"]
[White "Twigge Molecey, Billy"]
[Black "Hill, Luke"]
[Result "0-1"]
[WhiteElo "1783"]
[BlackElo "1898"]
[PlyCount "78"]
[EventDate "2013.07.05"]
[EventType "swiss"]
[EventRounds "7"]
[EventCountry "ENG"]
[SourceTitle "EXT 2014"]
[Source "ChessBase"]
[SourceDate "2013.11.20"]
[SourceVersion "1"]
[SourceVersionDate "2013.11.20"]
[SourceQuality "1"]

1. e4 d5 2. exd5 Nf6 3. Nc3 Nxd5 4. d4 Nc6 5. Bc4 Nb6 6. Bb5 Bd7 7. Nge2 a6 8. Bd3 Bg4 9. f3 Bh5 10. Be3 e6 11. Qd2 Qd7 12. 0-0 Bg6 13. a3 Be7 14. Rfd1 Bf6 15. Bxg6 hxg6 16. b3 Nd5 17. Nxd5 exd5 18. Bg5 0-0-0 19. Bxf6 gxf6 20. Qf4 f5 21. Nc3 Rdg8 22. Qg3 g5 23. f4 Rh4 24. fxg5 Rg4 25. Qf2 R8xg5 26. g3 f4 27. Ne2 Rf5 28. Rf1 Ne7 29. Qg2 Ng6 30. Qf3 Rfg5 31. Kh1 fxg3 32. Nxg3 Rxg3 33. Qxg3 Rxg3 34. hxg3 Qh3+ 35. Kg1 Qxg3+ 36. Kh1 Nf4 37. Rxf4 Qxf4 38. Re1 Qh4+ 39. Kg2 Qxe1 0-1